Suecia en los archivos generales españoles (Record no. 42557)
[ view plain ]
| 000 -LEADER | |
|---|---|
| campo de control de longitud fija | 00992nam a2200241 i 4500 |
| 001 - NÚMERO DE CONTROL | |
| campo de control | 42557 |
| 003 - IDENTIFICADOR DE NÚMERO DE CONTROL | |
| campo de control | ES-MaACL |
| 005 - FECHA Y HORA DE LA ÚLTIMA TRANSACCIÓN | |
| campo de control | 20230906160633.0 |
| 007 - CAMPO FIJO DE DESCRIPCIÓN FÍSICA--INFORMACIÓN GENERAL | |
| campo de control de longitud fija | t| |
| 008 - DATOS DE LONGITUD FIJA--INFORMACIÓN GENERAL | |
| campo de control de longitud fija | 030407s2002 sp |||| | spa d |
| 020 ## - NÚMERO INTERNACIONAL ESTÁNDAR DEL LIBRO | |
| Número Internacional Estándar del Libro | 84-932259-0-8 |
| 080 ## - NÚMERO DE LA CLASIFICACIÓN DECIMAL UNIVERSAL | |
| Número de la Clasificación Decimal Universal | 930.255(460):94(485) |
| 100 1# - ENTRADA PRINCIPAL--NOMBRE DE PERSONA | |
| Nombre de persona | Martínez Ruiz, Enrique. |
| 9 (RLIN) | 78385 |
| 245 10 - MENCIÓN DEL TÍTULO | |
| Título | Suecia en los archivos generales españoles |
| Resto del título | : fuentes para la historia hispanosueca / |
| Mención de responsabilidad, etc. | Enrique Martínez Ruiz, Magdalena de Pazzis Pi Corrales ; [translation into English from Spanish, Dave Alan Langlois]. |
| 260 ## - PUBLICACIÓN, DISTRIBUCIÓN, ETC. | |
| Lugar de publicación, distribución, etc. | Madrid : |
| Nombre del editor, distribuidor, etc. | Fundación Berndt Wistedt, |
| Fecha de publicación, distribución, etc. | [2002] |
| 300 ## - DESCRIPCIÓN FÍSICA | |
| Extensión | 76, 74 p. ; |
| Dimensiones | 24 cm. |
| 500 ## - NOTA GENERAL | |
| Nota general | Precede al tít.: Encuentros Históricos España-Suecia. |
| 546 ## - NOTA DE IDIOMA | |
| Nota de lengua/lenguaje | Port. y textos contrapuestos en español y en inglés. |
| 651 #4 - PUNTO DE ACCESO ADICIONAL DE MATERIA--NOMBRE GEOGRÁFICO | |
| Nombre geográfico | Suecia- |
| Subdivisión general | Historia- |
| -- | Recursos archivísticos- |
| Subdivisión geográfica | España. |
| 9 (RLIN) | 9415 |
| 700 1# - ENTRADA AGREGADA--NOMBRE PERSONAL | |
| Nombre de persona | Pi Corrales, Magdalena de Pazzis. |
| 9 (RLIN) | 91719 |
| 710 2# - ENTRADA AGREGADA--NOMBRE DE ENTIDAD CORPORATIVA | |
| Nombre de entidad corporativa o nombre de jurisdicción como elemento de entrada | Fundación Berndt Wistedt. |
| 9 (RLIN) | 4233 |
| 852 ## - LOCALIZACIÓN | |
| Ubicación | ES-MaACL |
| Número de control de estantería | L-26158 |
| Estatus retirado | Estado de pérdida | Estado de daño | No para préstamo | Biblioteca de origen | Biblioteca actual | Ubicación en estantería | Fecha de adquisición | Fuente de adquisición | Total de préstamos | Signatura topográfica completa | Código de barras | Visto por última vez | Precio de reemplazo | Tipo de ítem Koha |
|---|---|---|---|---|---|---|---|---|---|---|---|---|---|---|
| Biblioteca del Ateneo de Madrid | Biblioteca del Ateneo de Madrid | Depósito 2 | 17/01/2008 | L-26158 | 1044799 | 23/02/2023 | 23/02/2023 | Libro impreso |
